Bosnia and Herzegovina in the Eurovision Song Contest - Statistics

General Stats
  • This quiz has been taken 16 times
  • The average score is 11 of 19
Answer Stats
Host City & Year Song Title Artist(s) Final Placement % Correct
Athens 2006 Lejla Hari Mata Hari 3
100%
Jerusalem 1999 Putnici Dino & Béatrice 7
86%
Düsseldorf 2011 Love in Rewind Dino Merlin 6
86%
Stockholm 2016 Ljubav je Dalal & Deen feat. Ana Rucner and Jala Failed to qualify (11th in Semi Final)
71%
Istanbul 2004 In the Disco Deen 9
71%
Kyiv 2005 Call Me Feminnem 14
71%
Moscow 2009 Bistra voda Regina 9
71%
Oslo 1996 Za našu ljubav Amila Glamočak 22
57%
Millstreet 1993 Sva bol svijeta Fazla 16
57%
Belgrade 2008 Pokušaj Laka 10
57%
Dublin 1994 Ostani kraj mene Alma & Dejan 15
43%
Dublin 1997 Goodbye Alma Čardžić 18
43%
Dublin 1995 Dvadeset prvi vijek Davor Popović 19
43%
Tallinn 2002 Na jastuku za dvoje Maja 13
43%
Helsinki 2007 Rijeka bez imena Marija Šestić 11
43%
Baku 2012 Korake ti znam Maya Sar 18
43%
Riga 2003 Ne brini Mija Martina 16
43%
Copenhagen 2001 Hano Nino 14
43%
Oslo 2010 Thunder and Lightning Vukašin Brajić 17
29%
No matching quizzes found
Score Distribution
Percent of People with Each Score
Percentile by Number Answered
Your Score History
You have not taken this quiz